00979 2200193 4500245007000000020001800070250001100088100001900099700001600118650002100134650002500155005001900180260002600199041001400225084001000239300002900249500049800278336000900776 aTrik Melejitkan Skor TPA Versi OTO BappenascMuhammad AmienhText a602-1609-58-1 aCet. 1 aMuhammad Amien aAde Irmawan aLatihan Soal TPA aTes Potensi Akademik a20240301112341 aJakartabCmediac2014 aIndonesia a371.3 aviii, 416 hlm. :c26 cm. aTes Potensi Akademik adalah sebuah tes yang bertujuan untuk mengetahui bakat dan kemampuan seseorang di bidang keilmuan atau akademis. Oleh sebab itu TPA sering dihubungkan dengan kecerdasan seseorang. TPA biasanya diselenggarakan oleh Program Pascasarjana Universitas tertentu secara independen atau UPP-TPA (Unit Pelayanan Penyelenggaraan Tes Potensi Akademik) Bappenas yang bekerja sama dengan Program Pascasarjana Universitas tertentu. Untuk itu TPA sering disebut sebagai TPA OTO Bappenas atext